| 000 | 01442nam a2200193Ia 4500 | ||
|---|---|---|---|
| 008 | 220216s9999 xx 000 0 und d | ||
| 100 | _aIpe C V | ||
| 245 | 0 | _aSeasonal fluctuations in the price of natural rubber in India | |
| 260 |
_bIndian Journal of Natural Rubber Research _c1988 |
||
| 300 | _a31-34 | ||
| 520 | _aThe paper analyses the seasonal variations in rubber prices. The analysis showed that the seasonal index was the highese in July and the lowest in December. Production of rubber showed marked seasonality. The analysis of price in relation to productioin and consumption showed that seasonality in prriaces was not much pronounced during months in which production change was predominant, which in turn point to the possibility of oligopsony in the buying market. During the peak production period, consumption was found to fall resulting in low prices. This necissitates the need for buffer stock operations so as to buy and store excess supplies and hold them off the market in times of falling prices and release them when the prices rise. The producer is benefited by stabilisation of his income and the manufacturer through an assured supply of raw material. | ||
| 650 | _aNatural Rubber Consumption | ||
| 650 | _aNatural Rubber Prices | ||
| 650 | _aNatural Rubber Production | ||
| 650 | _aNatural Rubber Stock | ||
| 650 | _aOligopsony | ||
| 650 | _aSeasonal Fluctuations in Rubber Prices | ||
| 942 | _cJS | ||
| 999 |
_c68491 _d68491 |
||